Non-Country Flags - Statistics

General Stats
  • This quiz has been taken 42 times
  • The average score is 23 of 30
Answer Stats
Picture Answer % Correct
Scotland
100%
Wales
97%
Hong Kong
92%
Puerto Rico
92%
Texas
89%
California
87%
Greenland
87%
Guam
87%
Cook islands
82%
European Union
82%
Hawaii
82%
Aruba
79%
Macau
79%
Faroe Islands
76%
French Polynesia
76%
US Virgin Islands
76%
American Samoa
71%
Catalonia
71%
Curacao
71%
Anguilla
68%
Bermuda
68%
Bonaire
68%
Guadeloupe
68%
Falkland Islands
66%
Martinique
63%
Sardinia
63%
British Virgin Islands
61%
Tokelau
61%
Montserrat
58%
Canary Islands
50%
No matching quizzes found
Score Distribution
Percent of People with Each Score
Percentile by Number Answered
Your Score History
You have not taken this quiz